000 00429nam a2200157Ia 4500
005 20240606051733.0
008 240331s9999 xx 000 0 und d
082 _bSEN
_a362
245 0 _aSome expert analyses the sexual explotation of children in Sri Lanka
260 _aColombo
_bP.E.A.C.E Campaign
_c1996
300 _a117 p.,
650 _aChildren
650 _aSexual Exploitation
700 _aSeneviratne,M
942 _cL
999 _c1591
_d1591